Artificial Intelligence-IX (Record no. 12273)
[ view plain ]
| 000 -LEADER | |
|---|---|
| fixed length control field | 00266nam a22000977a 4500 |
| 008 - FIXED-LENGTH DATA ELEMENTS--GENERAL INFORMATION | |
| fixed length control field | 230424b |||||||| |||| 00| 0 eng d |
| 020 ## - INTERNATIONAL STANDARD BOOK NUMBER | |
| International Standard Book Number | 9789389845099 |
| 100 ## - MAIN ENTRY--PERSONAL NAME | |
| Personal name | Kaur Harmeet |
| 9 (RLIN) | 7670 |
| 245 ## - TITLE STATEMENT | |
| Title | Artificial Intelligence-IX |
| 260 ## - PUBLICATION, DISTRIBUTION, ETC. (IMPRINT) | |
| Place of publication, distribution, etc. | New Delhi |
| Name of publisher, distributor, etc. | BPB Publications |
| Date of publication, distribution, etc. | 2020 |
| Withdrawn status | Lost status | Source of classification or shelving scheme | Damaged status | Koha normalized classification for sorting | Not for loan | Home library | Current library | Shelving location | Date acquired | Total Checkouts | Full call number | Barcode | Date last seen | Date last checked out | Price effective from | Koha item type |
|---|---|---|---|---|---|---|---|---|---|---|---|---|---|---|---|---|
| Dewey Decimal Classification | KAU_006_300000000000000 | Good Samaritan School Library | Good Samaritan School Library | Computer Science | 04/24/2023 | 1 | KAU006.3 | KAU17468 | 07/25/2024 | 01/24/2024 | 04/24/2023 | BOOK | ||||
| Dewey Decimal Classification | KAU_006_300000000000000 | Good Samaritan School Library | Good Samaritan School Library | Computer Science | 04/24/2023 | 1 | KAU006.3 | KAU17469 | 01/24/2024 | 12/21/2023 | 04/24/2023 | BOOK |